Alberto Acosta Burneo: “La dependencia del petróleo nos está pasando factura” (Registro nro. 27836)
[ vista simple ]
| 000 -CABECERA | |
|---|---|
| Campo de control interno | 01261nam a22001817a 4500 |
| 005 - FECHA Y HORA DE LA CATALOGACION | |
| Campo de control | 20150310134534.0 |
| 008 - ELEMENTOS DE LONGITUD FIJA - INFORMACION | |
| Elementos de Longitud Fija - Informaci | 150310b xxu||||| |||| 00| 0 eng d |
| 040 ## - ORIGEN DE LA CATALOGACION | |
| Origen de la Catalogación | ANE |
| 041 ## - CODIGO DE LENGUAJE | |
| Código de lenguaje del texto | Es |
| 082 ## - NUMERO DE CLASIFICACION DECIMAL DEWEY | |
| 1ra. Clasificación | RAD-18 |
| 100 ## - ENTREVISTADO | |
| Entrevistado | Acosta Burneo, Alberto |
| Rol del entrevistado | analista económico |
| 245 ## - TÍTULO GENERAL | |
| Título | Alberto Acosta Burneo: “La dependencia del petróleo nos está pasando factura” |
| 260 ## - EDITORIAL | |
| Ciudad | Quito |
| Televisora que emite el programa | Radio Atalaya |
| Fecha del Programa | 2015-03-09 |
| 300 ## - DESCRIPCION | |
| Duración en minutos, horas (del programa) | p. |
| 520 ## - RESUMEN | |
| Resumen | El analista económico, Alberto Acosta Burneo, manifestó que el Ecuador tiene un Problema estructural y se trata de la dependencia del petróleo. “La altísima dependencia del petróleo es un problema que se ha ido agravando en los últimos años con el incremento del precio del mismo; los precios del crudo caen y tenemos que hacer ajustes para enfrentarnos a la nueva realidad” señaló Acosta y aseguró que las salvaguardias no van a incentivar inversiones sostenibles en el tiempo, y que el país necesita una transformación de productividad y competitividad. |
| 650 ## - DESCRIPTORES - TEMAS | |
| Temas - Descriptores | dependencia petróleo/analista económico/gobierno nacional/economía/medidas salvaguardias/precios crudo car/dependencia petrĺeo/ajustes realidad/transformación productividad competitividad/ |
| 942 ## - ELEMENTOS DE KOHA | |
| Esquema de Clasificaci | |
| Tipo de Documento | Material Multimedia (radio y televisión) |
| Catalogador | IES. |
| Withdrawn status | Lost status | Fuente de Clasificaci | Damaged status | Not for loan | Ubicaci | Biblioteca | Fecha de Adquisición | Signatura Topogr | Código de barras | Date last seen | Price effective from | Tipo de Item |
|---|---|---|---|---|---|---|---|---|---|---|---|---|
| Biblioteca Asamblea Nacional | Biblioteca Asamblea Nacional | 2015-03-10 | RAD-18 | RAD-18 | 2015-03-10 | 2015-03-10 | Material Multimedia (radio y televisión) |